000 00256nam a22001097a 4500
003 OSt
008 231114b |||||||| |||| 00| 0 eng d
041 _aeng
100 _aSivasankara Pillai, Thakazhi
_95617
245 _aAnubhavangal palichakal /
942 _cBK
999 _c17833
_d17833